| LEADER | 00864nam a2200181 4500 | ||
|---|---|---|---|
| 082 | |a 895.9228 |b NG527V | ||
| 100 | |a Nguyễn Văn Dương | ||
| 245 | |a Tuyển tập Phân Châu Trinh |c Nguyễn Văn Dương biên soạn | ||
| 260 | |a Đà Nẵng |b Nxb Đà Nẵng: Trung tâm nghiên cứu Quốc học |c 1995 | ||
| 300 | |a 831 tr. |c 24 cm | ||
| 520 | |a v.v... | ||
| 653 | |a Văn học | ||
| 653 | |a Việt Nam | ||
| 653 | |a Tạp văn | ||
| 942 | |2 ddc |c STK0 | ||
| 999 | |c 2320 |d 2320 | ||
| 952 | |0 0 |1 0 |2 ddc |4 0 |6 895_922800000000000_NG527V |7 1 |8 800 |9 31047 |a qbu |b qbu |c D5 |d 2014-12-13 |g 166000 |o 895.9228 NG527V |p 3786.c1 |r 0000-00-00 |w 2014-12-13 |y STK0 |0 0 |6 895_922800000000000_NG527V | ||
| 952 | |0 0 |1 0 |2 ddc |4 0 |6 895_922800000000000_NG527V |7 0 |8 800 |9 31048 |a qbu |b qbu |c D5 |d 2014-12-13 |g 166000 |l 1 |m 1 |o 895.9228 NG527V |p 3786.c2 |r 2016-04-15 |s 2016-03-28 |w 2014-12-13 |y STK0 |0 0 |6 895_922800000000000_NG527V | ||